Normal view
MARC view
- Handford, S. A.
Entry Personal Name
001 - CONTROL NUMBER
- control field: 33599
003 - CONTROL NUMBER IDENTIFIER
- control field: OSt
005 - DATE AND TIME OF LATEST TRANSACTION
- control field: 20130904161952.0
008 - FIXED-LENGTH DATA ELEMENTS
- fixed length control field: 130904|| aca||aabn | a|a d
040 ## - CATALOGING SOURCE
- Original cataloging agency: OSt
- Transcribing agency: OSt
100 ## - HEADING--PERSONAL NAME
- Personal name: Handford, S. A.
- Fuller form of name: (Stanley Alexander),
- Dates associated with a name: 1898-1978.
670 ## - SOURCE DATA FOUND
- Source citation: Work cat.: (OSt)0: Caesar, Julius. 33597, The conquest of Gaul /, 1951